Electromagnetic fields / (Record no. 13711)

MARC details
000 -LEADER
fixed length control field 01071nam a22002537i 4500
003 - CONTROL NUMBER IDENTIFIER
control field EG-ScBUE
005 - DATE AND TIME OF LATEST TRANSACTION
control field 20250528095031.0
008 - FIXED-LENGTH DATA ELEMENTS--GENERAL INFORMATION
fixed length control field 100316s2008 ii|a fr 00100 eng dd
020 ## - INTERNATIONAL STANDARD BOOK NUMBER
International Standard Book Number 9788184313246
040 ## - CATALOGING SOURCE
Original cataloging agency EG-ScBUE
Language of cataloging eng
Description conventions rda
Transcribing agency EG-ScBUE
Modifying agency EG-ScBUE
082 04 - DEWEY DECIMAL CLASSIFICATION NUMBER
Edition number 22
Classification number 530.141
Item number BAK
100 1# - MAIN ENTRY--PERSONAL NAME
9 (RLIN) 12771
Personal name Bakshi, Uday A.,
Relator term author.
245 ## - TITLE STATEMENT
Title Electromagnetic fields /
Statement of responsibility, etc Uday A. Bakshi, M. E. (electrical), formerly lecturer in Department of Electronics Engg., Vishwakarma Institute of Technology, Pune, Ajay V. Bakshi, B.E. (electronics), formerly lecturer in Deptt. of E & TC, Maharashtra Academy of Engineering, Alandi, Pune.
250 ## - EDITION STATEMENT
Edition statement Second revised edition.
264 #1 - PUBLICATION, DISTRIBUTION, ETC. (IMPRINT)
Place of publication, distribution, etc Pune, India :
Name of publisher, distributor, etc Technical Publications,
Date of publication, distribution, etc 2008.
300 ## - PHYSICAL DESCRIPTION
Extent 1 volume (various pagings) :
Other physical details illustrations ;
Dimensions 24 cm
336 ## - CONTENT TYPE
Source rdacontent
Content type term text
Content type code txt
337 ## - MEDIA TYPE
Media type term unmediated
Source rdamedia
Media type code n
338 ## - CARRIER TYPE
Carrier type term volume
Carrier type code nc
Source rdacarrier
650 #7 - SUBJECT ADDED ENTRY--TOPICAL TERM
9 (RLIN) 12811
Topical term or geographic name as entry element Electromagnetic fields.
Source of heading or term BUEsh
655 ## - INDEX TERM--GENRE/FORM
Form subdivision Reading book
700 1# - ADDED ENTRY--PERSONAL NAME
9 (RLIN) 12772
Personal name Bakshi, Ajay V.,
Relator term author.
942 ## - ADDED ENTRY ELEMENTS (KOHA)
Source of classification or shelving scheme Dewey Decimal Classification
Koha item type Book - Borrowing
Holdings
Withdrawn status Lost status Source of classification or shelving scheme Damaged status Not for loan Collection code Home library Current library Shelving location Date acquired Source of acquisition Cost, normal purchase price Serial Enumeration / chronology Total Checkouts Total Renewals Full call number Barcode Date last seen Date checked out Price effective from Koha item type
    Dewey Decimal Classification     Alahram Central Library Central Library First floor 16/03/2010   94.00 29 1 8 530.141 BAK 000020243 15/07/2025 07/02/2012 16/03/2010 Book - Borrowing